[Event "EU-chT (Men) 12th"]
[Site "Batumi"]
[Date "1999.12.06"]
[Round "8.1"]
[White "Agrest, Evgenij"]
[Black "Nisipeanu, Liviu Dieter"]
[Result "1/2-1/2"]
[WhiteElo "2554"]
[BlackElo "2584"]
[Annotator "Stohl,I"]
[PlyCount "78"]
[EventDate "1999.11.06"]
[EventType "team-swiss"]
[EventRounds "9"]
[EventCountry "GEO"]
[SourceTitle "CBM 074"]
[Source "ChessBase"]
[SourceDate "2000.02.01"]
[SourceVersion "1"]
[SourceVersionDate "2000.02.01"]
[SourceQuality "1"]
[WhiteTeam "Sweden"]
[BlackTeam "Romania"]
[WhiteTeamCountry "SWE"]
[BlackTeamCountry "ROU"]

1. c4 e6 2. Nc3 b6 3. e4 Bb7 4. Nf3 c5 5. d4 cxd4 6. Nxd4 d6 7. Be2 Nf6 8. f3
a6 9. Be3 Nbd7 ({As has been indicated many timed before, a reliable way to
avoid White's dangerous plan is} 9... Be7 {/\} 10. O-O O-O 11. a4 Nc6 $1) 10.
O-O Be7 11. a4 $1 {It's better to realize this plan directly. One move later
it's not too effective anymore:} (11. Qd2 O-O 12. a4 Rc8 $1 (12... Qc7 13. a5
Rfe8 14. Rfc1 Rab8 15. Nd5 $1 exd5 16. cxd5 Qd8 17. Nc6 Bxc6 18. dxc6 Nc5 19.
b4 $36 {Cvetkovic,S-Ilicnic,Z/Vrnjacka Banja/1989/}) 13. a5 Ne5 14. axb6 Nxc4
15. Bxc4 Rxc4 16. Nb3 Rb4 17. Na5 Ba8 18. Na4 Rb5 19. Nc3 Rb4 20. Na4 Rb5 $11 {
1/2,Yandemirov,V-Simantsev,M/St.Petersburg/1999/}) 11... O-O 12. a5 bxa5 {
The best, other moves allow White to achieve his strategic aims more easily:} (
12... d5 13. exd5 $5 (13. cxd5 exd5 14. Nxd5 Bxd5 15. exd5 Nxd5 16. Bf2 N7f6
17. Nc6 Qe8 18. Nxe7+ Qxe7 19. Bc4 Rfd8 20. Qe1 $5 b5 21. Bb3 Qb4 22. Qxb4 Nxb4
23. Rfd1 Nd3 24. Bb6 Rd7 25. Rd2 $16 {Stohl,I-Varga,Z/CRO-chT2 Pula/1998/})
13... exd5 14. Nf5 (14. cxd5 Nxd5 15. Nxd5 Bxd5 16. Nf5 $16 {Sher,B-Vegh,E
Budapest Elekes CBM/14}) 14... Bb4 (14... bxa5 $142 15. cxd5 Bb4 $14) 15. axb6
Re8 16. Na4 Re5 17. Bd3 dxc4 18. Bc2 Qe8 19. Bd4 Re6 20. Bc3 Bxc3 21. bxc3 Qf8
22. Rb1 Rd8 23. Nd4 Rd6 24. Qe2 $16 {[%csl Gb6] o^b6,Varga,Z-Devcic,D/CRO-Cup
Pula/1999/}) (12... Qc7 13. Nb3 (13. axb6 Nxb6 14. Na4 Nfd7 15. Nxb6 Nxb6 16.
Qb3 Nd7 17. Rfc1 g6 18. Qd1 e5 19. Nb3 a5 20. Nd2 Nc5 21. b3 Rfb8 22. Qc2 Bc6
23. Qc3 Qb6 24. Rcb1 Qb4 25. Qc2 Bd8 26. Kh1 Bb6 27. Nf1 Ne6 28. Bd2 Qc5 29.
Ne3 Nd4 30. Qd3 Bd8 31. Nd5 $14 {Borgo,G-Barlov,D/Cutro/1998/}) 13... Rab8 14.
axb6 Nxb6 15. Na5 Ba8 16. Qd2 Rfd8 17. Rfc1 Nbd7 18. Nd5 exd5 19. cxd5 Nc5 20.
b4 Nfd7 21. bxc5 Nxc5 22. Bxa6 Bf6 23. Bd4 $18 {Gulko,B-Shapiro,D/Stratton
Mountain/1999/}) 13. Nb3 Rb8 (13... a4 14. Rxa4 Qc7 15. Na5 Rfb8 16. Ra2 Bc8
17. f4 e5 18. Nd5 Nxd5 19. cxd5 exf4 20. Bxf4 Ne5 21. Kh1 Bd7 22. Qd2 Bf6 23.
Rc1 Qd8 24. Nc6 Bxc6 25. dxc6 Rc8 26. Qd5 $36 {o^c6,Bobrowska,M-Ghate,S/WChJW
Calicut/1998/}) 14. Nxa5 Ba8 15. Qd2 Re8 $1 {[%cal Yd6d5] The best move, in
Hedgehog positions the R usually occupies this square to further the freeing
d5 advance.} ({The older move leads to a passive position, where Black can
quickly lose any chances of effective counterplay. The following examples have
become classical:} 15... Qc7 16. Rfc1 Ne5 (16... Rfc8 17. Na4 Nc5 18. b4 Nxa4
19. Rxa4 Qd7 20. Rca1 Rd8 21. Bf1 Qc7 22. Nb3 Bb7 23. Qf2 Nd7 24. Na5 Ba8 25.
Ba7 Rbc8 26. Bd4 Rb8 27. Ba7 Rbc8 28. Nb3 Bb7 29. Bd4 Rb8 30. Qg3 g6 31. b5 $16
{Gelfand,B-Smirin,I/Vilnius/1988/}) 17. Na4 Bc6 18. b4 Bxa4 19. Rxa4 Nfd7 20.
Raa1 Rfc8 21. Nb3 Ra8 22. g3 h5 23. Kg2 Qb8 24. Rab1 Nf6 25. Nd4 Qb7 26. c5 $1
d5 27. Bf4 Ng6 28. e5 Ne8 29. Bd3 Nxf4+ 30. gxf4 $1 g6 31. Rc3 Nc7 32. Kh3 $1
Kh7 33. f5 $1 $40 {Ivanchuk,V-Adams,M/Dortmund/1992/}) 16. Kh1 (16. Rfd1 Qc7
17. Rdc1 Ne5 (17... Nc5 $6 18. b4 $1 Rxb4 19. Nb5 $16) 18. Na4 Qd8 19. c5 $5 (
19. Ba7 d5 $1 20. Bxb8 Qxb8 $44 {[%cal Re7b4,Rd5e4] /\Bb4,de4}) 19... dxc5 20.
Qxd8 Bxd8 21. Nxc5 Rxb2 22. Bxa6 Ng6 23. Bf1 Rb8 (23... h6 $5 {/\} 24. Nab3 Bc7
25. Bd4 Be5 $1 $11 {Pelletier}) 24. Na6 Bb6 25. Bxb6 Rxb6 26. Rc7 $14 {[%csl
Ra8] ץa8,Kasimdzhanov,R-Bakhtadze,G/Yerevan WChJ/1999/}) 16... Qc7 17. Rfc1 {
White has an extra tempo compared to Kasimdzhanov's game above, but it's not
too useful in this situation.} Ne5 18. Bd4 (18. b4 d5 $5 19. c5 (19. cxd5 Bxb4
20. Nc6 $11) 19... dxe4 20. Nxe4 Red8 $132) (18. Na4 Qd8 $13 {and the K on h1
is of no advantage for White.}) 18... h5 $5 {[%mdl 32] An original strategical
idea in this position. The further advance of this pawn can be prevented only
by weakening the >>, when it gets to h3 Black will have just enough play to
hold the game.} 19. b4 (19. Bf2 Ng6 {[%cal Yh5h3] /\h4-h3<=>}) 19... h4 20. b5
h3 $6 (20... axb5 $142 21. cxb5 Qd8) 21. g3 $6 (21. gxh3 axb5 22. cxb5 Qd8 $132
) (21. bxa6 $142 $5 hxg2+ 22. Kxg2 $36) 21... axb5 22. cxb5 (22. Nxb5 Qd7 $15)
22... Qd8 23. Bxe5 (23. b6 $5 Nc6 (23... Nfd7 24. b7 Bxb7 25. Ba7 $16) 24. Nxc6
Bxc6 $132 25. Nb5 Nxe4 $5 26. fxe4 Bxe4+ 27. Kg1 Bg5 $44) 23... dxe5 24. Qxd8
Rexd8 25. Nc6 Bxc6 26. bxc6 Rd2 27. Ba6 (27. c7 Rc8 28. Nb5 (28. Nd5 $2 Nxd5
29. exd5 Rxe2 $19) 28... Rxe2 (28... Ne8 $6 29. Bf1 $16) 29. Na7 Rxc7 30. Rxc7
Bd6 $44) (27. Bf1 Rbb2 28. Ne2 $5 (28. Nd1 Rxh2+ 29. Kg1 Rhg2+ $1 30. Bxg2
Rxg2+ 31. Kf1 Nh5 $19) 28... Bd8 $5 (28... Bd6 29. Ra8+ Kh7 30. Rd8 Bc7 31.
Rxd2 Rxd2 32. Nc3 $36) 29. c7 Bxc7 30. Rxc7 Rxe2 {-27.Ba6}) 27... Rbb2 28. Ne2
Bd6 29. c7 (29. Rd1 Bc7 30. Rxd2 Rxd2 31. Ng1 Rc2 32. Bb7 g5 33. g4 Ne8 34.
Nxh3 f6 $44 {[%csl Rb7,Rh3] <=>,פh3,Bb7 White's pieces are uncoordinated.})
29... Bxc7 30. Rxc7 Rxe2 31. Bxe2 Rxe2 $11 {[%csl Rh1] White has no way to
realize his material advantage due to his K trapped on the back rank.} 32. Rf1
g5 {[%cal Rg5g4] /\g4} 33. g4 $8 Kg7 34. Kg1 Rg2+ 35. Kh1 Re2 36. Rc3 Nd7 {
[%cal Rd7f8,Rf8g6,Rg6f4] /\Nf8-g6-f4 Now already White must force a draw.} 37.
Rfc1 Rf2 38. Kg1 Rg2+ 39. Kh1 Rf2 1/2-1/2

[Event "FRA-ch"]
[Site "Val d'Isere"]
[Date "2002.08.23"]
[Round "5"]
[White "Dorfman, Josif D"]
[Black "Degraeve, Jean Marc"]
[Result "1-0"]
[WhiteElo "2617"]
[BlackElo "2586"]
[Annotator "Stohl,I"]
[PlyCount "77"]
[EventDate "2002.08.19"]
[EventType "tourn"]
[EventRounds "11"]
[EventCountry "FRA"]
[EventCategory "13"]
[SourceTitle "CBM 091"]
[Source "ChessBase"]
[SourceDate "2002.11.12"]
[SourceVersion "1"]
[SourceVersionDate "2002.11.12"]
[SourceQuality "1"]

1. d4 Nf6 2. c4 c5 3. Nf3 cxd4 4. Nxd4 e5 5. Nb5 d5 6. cxd5 Bc5 7. N5c3 O-O 8.
h3 $5 {/\g4-g5 White plans to undermine Black's [+] outpost as fast as
possible.} e4 9. g4 e3 $6 (9... Re8 $142 10. Bg2 h6 11. Nd2 e3 12. fxe3 Bxe3
13. Nc4 Bc5 14. Bf4 Bd7 (14... Nh5 15. Bh2 Qh4+ 16. Kd2 Bxg4 17. hxg4 Qxg4 18.
Qa4 $1 $16 (18. Bxb8 Raxb8 19. Bf3 Qf4+ 20. Kc2 Ng3 21. Nd2 Nxh1 22. Bxh1 Be3
$44 {Agirretxe San Sebastian,J-Fluvia Poyatos,J/Montcada/1999/})) (14... a6 15.
a4 Nbd7 16. Bf3 Nh5 17. Bh2 Qh4+ 18. Kd2 Ng3 19. Rg1 Nf5 20. Ne4 Qxh3 21. Bc7
Rxe4 22. Bxe4 Ne3 23. Qb3 Nf1+ 24. Kc2 Qxb3+ 25. Kxb3 Bxg1 26. Rxf1 Nc5+ 27.
Ka3 Nxe4 28. Rxg1 $16 {Raetsky,A-Miezis,N/Bern/1995/}) 15. Qd3 Na6 16. a3 Rc8
17. Ne5 Bb6 18. b4 Nc7 19. Bf3 a6 20. Kf1 Nb5 $132 {1/2, Lopez Rodriguez,
H-Llames Prado,R/Gijon/1999/}) (9... Qe7 10. Bg2 Qe5 (10... e3 {-9...e3?!}) 11.
g5 Qf5 12. Rf1 Qg6 13. Rg1 (13. Bh1 $5 Bxh3 14. gxf6 $14) 13... e3 $2 (13...
Qf5 $142) 14. Bxe3 Bxe3 15. gxf6 Re8 16. fxe3 Bxh3 17. Qd4 Qg3+ 18. Kf1 Rxe3
19. Bxh3 Qxh3+ 20. Kf2 {1-0, Stohl,I-De Vreugt,D/Lisbon op/2001/}) 10. Bxe3
Bxe3 11. fxe3 Qe7 (11... Qd6 12. Qd4 Qg3+ 13. Kd2 Qd6 14. Bg2 Rd8 15. Na3 Nc6
16. Qf4 Qc5 17. Rad1 Ne7 18. e4 Qb4 19. Kc1 Bd7 20. Nc2 Qa5 21. e5 $18 {
Likavsky,T-Pekar,K/SVK-chT2/1998/}) 12. Bg2 (12. Qd4 $142 $1 Rd8 13. g5 $16)
12... Qxe3 13. Qd3 {White has to get rid of Black's Q as fast as possible.} (
13. Bf3 $143 $6 Re8 14. Nd2 Na6 15. Kf1 h5 $1 16. g5 Qxg5 17. Nde4 Nxe4 18.
Nxe4 Qh4 $40 {1/2, Tomaszewski,R-Kujawski,A/Lublin/1988/}) 13... Qc1+ (13...
Qxd3 14. exd3 Rd8 15. Nd2 Na6 16. Nde4 $16) 14. Kf2 (14. Nd1 $5 Na6 15. O-O
Qc5+ (15... Nc5 16. Qc3 $16) (15... Re8 $142 $1 $14) 16. Qe3 Qxe3+ 17. Nxe3 Re8
18. Kf2 Bd7 19. Nc3 Nc5 20. Nc4 b5 21. Nd6 Re5 22. b4 Na6 23. a3 $16 {
Agirretxe San Sebastian,J-Fernandez Hernandez,G/Euskadi/1999/}) 14... Qxb2 15.
Nd2 Qb6+ 16. Qe3 $5 (16. e3 Na6 $13) 16... Qd8 {[%cal Rc8g4] /\Bg4} (16...
Qxe3+ 17. Kxe3 Re8+ 18. Kd4 $36) (16... Qc7 $5 $13) 17. Bf3 Nbd7 $6 (17... Re8
$142 18. Qf4 (18. Qd4 $6 Nc6) 18... Na6 $132) 18. Qd4 $1 b6 ({Black's problem
is the natural move} 18... Re8 $2 {fails to} 19. g5 $18) 19. d6 Rb8 20. e4 $1 {
[%csl Gd6,Ge4][%cal Re4e5] [+],/\e5} Nc5 {Again due to the threat g5 Black
can't effectively prevent e5, White gains the upper hand in the [+].} (20...
Re8 $2 21. g5 Ne5 22. gxf6 Qxf6 23. Kg2 $16) 21. e5 Nfd7 22. Kg3 Bb7 23. Bxb7
Rxb7 24. Nf3 $14 Ne6 25. Qe3 f6 (25... Re8 26. Nd5 $36) 26. exf6 Ndc5 $5 (26...
Qxf6 27. Nd5 Qf7 28. Rhf1 $16) 27. Rad1 {[%csl Gd6] White must protect his
strong o^.} (27. fxg7 $2 Qxd6+ 28. Ne5 Rxg7 29. Rad1 Qb8 $36) 27... Rxf6 (27...
Qxf6 $142 28. Nd5 (28. Ne5 $2 Ne4+ $1 $17) 28... Qd8 29. Ne7+ (29. Ne5 Ng5 $5
30. Ne7+ Rxe7 31. dxe7 Nge4+ 32. Kg2 Qxe7 $40) 29... Rxe7 30. dxe7 Qxe7 31.
Rhf1 $14 {and although White is better, his vulnerable K still gives Black <=>.
}) 28. Ne5 Kh8 29. Nd5 Rf8 30. Ne7 $1 Rxe7 {Now it's too late for the exchange
sacrifice.} (30... Ng5 31. Rhf1 $1 Nge4+ 32. Kg2 $40 {/\} Rxf1 (32... Nxd6 33.
Rxf8+ Qxf8 34. N7g6+ $18) 33. Rxf1 Nxd6 34. Qf3 $1 h6 (34... Rb8 35. N7c6 $18)
35. Qd5 $1 (35. Qf8+ Qxf8 36. Rxf8+ Kh7 37. N5g6 Rxe7 $16) 35... Kh7 36. N7c6
Qc7 37. Rf8 $18) (30... Rf6 $142 $16) 31. Nc6 $18 Qa8 32. dxe7 Re8 33. Rd6 Rxe7
(33... Ng5 $5 34. Rhd1 $1 Nge4+ 35. Kh2 Nxd6 36. Rxd6 $18 {[%csl Ge7] o^e7})
34. Nxe7 Qxh1 35. Rxe6 Nxe6 36. Qxe6 Qg1+ 37. Kh4 Qf2+ 38. Kh5 g6+ (38... Qf8
39. Qc8 g6+ 40. Kg5 $18) 39. Nxg6+ (39. Kg5 $18) (39. Nxg6+ hxg6+ 40. Kxg6 Qc2+
41. Qf5 Qc6+ 42. Qf6+ $18) 1-0

[Event "POL-ch"]
[Site "Warsaw"]
[Date "2004.04.25"]
[Round "2"]
[White "Macieja, Bartlomiej"]
[Black "Jakubowski, Krzysztof"]
[Result "1-0"]
[WhiteElo "2633"]
[BlackElo "2492"]
[Annotator "Stohl,I"]
[PlyCount "62"]
[EventDate "2004.04.24"]
[EventType "tourn"]
[EventRounds "13"]
[EventCountry "POL"]
[EventCategory "12"]
[SourceTitle "CBM 101"]
[Source "ChessBase"]
[SourceDate "2004.07.27"]
[SourceVersion "1"]
[SourceVersionDate "2004.07.27"]
[SourceQuality "1"]

1. Nf3 c5 2. c4 Nc6 3. d4 cxd4 4. Nxd4 Nf6 5. Nc3 b6 ({-A33} 5... e6 {leads to
more frequent English Opening positions. It's also objectively better, as the
Hedgehog positions with the N on c6 (which Black unsuccessfully aims to
achieve) tend to be inferior to the ones with Nbd7.}) 6. e4 (6. Bg5 Bb7 {
can transpose into the game, as} 7. Bxf6 $6 gxf6 8. Nf5 Qb8 $32 {[%csl Gb7,Gf8]
[%cal Ye7e6] <=>^^ is not particularly enticing for White.}) 6... Bb7 7. Bg5 $5
{One of White's more aggressive attempts. However, even positional methods
promise White an edge:} (7. Bf4 $5 d6 8. Nf3 g6 9. Qd2 Bg7 10. Be2 Rc8 11. Bh6
O-O 12. Bxg7 Kxg7 13. b3 Nb4 $6 (13... Nb8 $142 $132) 14. Nd4 Na6 15. f3 Nc5
16. O-O a6 17. Rfd1 Ng8 18. Bf1 Ba8 19. Rac1 Qc7 20. b4 Nd7 21. a3 {[%csl Gb4,
Gc4,Ge4] (),|^<<,Tal,M-Winants,L/Bruxelles/1987/}) (7. Be2 e6 8. Nc2 $5 Qb8 9.
O-O Be7 10. f4 $1 d6 11. b3 O-O 12. Bb2 $14 {Lalic}) ({Another double-edged
try is} 7. f3 Qb8 8. Be3 e6 9. Qd2 Be7 10. g4 O-O 11. O-O-O Rc8 12. g5 Ne8 13.
Nxc6 Bxc6 14. Kb1 a6 15. h4 b5 16. h5 bxc4 17. g6 fxg6 18. hxg6 hxg6 19. Rg1
Bf6 20. Rxg6 Kf7 21. Rg2 $36 {Hansen,C-Ftacnik,L/Groningen/1991/}) 7... e6 ({
Black often used to play} 7... Qb8 {and also in the game he could (and
probably should as well!) have later transposed into this line.} {However, the
main reason why the text-move is preferable is probably} 8. Nxc6 $142 (8. f4 h6
9. Bxf6 gxf6 10. g3 Nxd4 (10... e6 $5) 11. Qxd4 e5 12. Qd3 Bb4 13. O-O-O Bxc3
14. Qxd7+ Kf8 15. bxc3 Bxe4 16. Rg1 Qe8 17. Bg2 Bxg2 18. Rxg2 Qxd7 19. Rxd7 {
Arnason,J-Karason,A/ISL-chT Reykjavik/2000/} Kg7 $11) (8. Nf3 e6 9. Qd2 Be7 10.
Be2 O-O 11. O-O Rd8 12. Bf4 d6 13. Qc2 Rd7 14. Rac1 Qd8 15. Rfd1 Rc8 16. Qb1 h6
17. h3 Nh7 18. b3 Nf8 19. Be3 Ng6 20. Nb5 Bf6 21. Bf1 Nge5 22. Nfd4 a6 23. Nc3
Nxd4 24. Bxd4 Ng6 25. Qd3 Bxd4 26. Qxd4 Qc7 27. Qe3 {Butnorius,A-Bucinskas,V/
Radviliskis/1995/} Qc5 $11) 8... Bxc6 9. Qe2 $1 h6 (9... Qe5 10. f4 Qa5 11.
O-O-O $32) 10. Bd2 e5 11. Nd5 Bxd5 12. cxd5 Bc5 13. O-O-O a5 14. Kb1 a4 15. Rc1
d6 16. Qb5+ Ke7 17. f3 Ne8 18. g3 Nc7 19. Qc6 Rc8 20. Bh3 Rd8 21. Rc4 $16 {
Tal,M-Toshkov,T/Albena/1984/}) 8. Nxc6 (8. f4 $6 h6 9. Bh4 Bb4 $1 10. Nxc6 Bxc6
11. Bd3 Qc7 12. Qf3 Qb7 $1 13. Bxf6 gxf6 14. f5 Bxc3+ 15. bxc3 e5 16. O-O Qc7 {
[%csl Rc3,Rc4,Re4] ק} 17. c5 $1 bxc5 18. Bc4 Ke7 19. Rad1 Rad8 20. Qh5 Rh7 21.
Qe2 d6 22. Rf3 Qb7 $15 {Krasenkow,M-Mastrovasilis,A/EU Cup Kallithea/2002/}) ({
Rather innocuous is} 8. Ndb5 Qb8 9. Bxf6 gxf6 10. Qd2 a6 11. O-O-O Bc8 12. Nd6+
Bxd6 13. Qxd6 Qxd6 14. Rxd6 Ke7 15. Rd2 Rg8 16. g3 Rb8 17. f4 d6 18. Be2 Bb7
19. Rhd1 Rgd8 20. b3 Ba8 21. Kb2 Na7 22. a4 Nc6 $11 {Nickoloff,B-Gheorghiu,F/
Dubai olm/1986/}) 8... Bxc6 $146 (8... dxc6 9. Qf3 (9. e5 $5 {()}) 9... Bd6 10.
Rd1 Qe7 11. Be2 Rd8 12. O-O h6 13. Bf4 e5 14. Be3 O-O 15. a3 Bc5 16. Bxc5 Qxc5
17. b4 Qe7 18. Qe3 Ba6 $11 {1/2,Tal,M-Adorjan,A/Riga izt/1979/}) 9. Bd3 (9. e5
h6 10. Bh4 g5 11. Bg3 Ne4 12. Nxe4 Bxe4 13. Qd2 f5 $5 $132 {Krasenkow}) (9. Qe2
h6 10. Bd2 d6 $13) 9... h6 $6 {This was the suitable moment to transpose back
into the 7...Qb8 line with} (9... Qb8 $142 $1 10. Qe2 (10. O-O Bb4 11. Re1 Qe5
12. Bd2 h5 $5 $13 13. Qf3 Ng4 14. Bf4 Qd4 15. Bf1 Bc5 16. Re2 f5 17. h3 O-O-O
18. Rd1 Qf6 19. Nb5 (19. hxg4 hxg4 20. Qg3 Rh4 $1 $19) (19. Bd6 $142 $5) 19...
fxe4 20. Qg3 e5 21. Nxa7+ Kb7 22. Nxc6 dxc6 23. Rxd8 exf4 24. Qxg4 hxg4 25.
Rxh8 f3 26. Rd2 Bd4 27. Kh1 g3 28. gxf3 Qxf3+ 29. Bg2 gxf2 {0-1,Spraggett,
K-Nogueiras,J/Montpellier ct/1985/}) 10... Bd6 $5 11. Nd5 Bxd5 (11... Nxd5 12.
exd5 (12. cxd5 $5 Bb4+ 13. Kf1 Bb7 14. dxe6 dxe6 15. Bb5+ $14) 12... Bb7 13.
O-O-O Bf4+ 14. Bxf4 Qxf4+ 15. Kb1 O-O 16. g3 Qf6 17. Be4 exd5 18. Bxd5 Rae8 19.
Qc2 Bxd5 20. Rxd5 Qf3 21. Rhd1 Re2 22. Rf5 Qg4 23. f3 Qh3 24. Qxe2 Qxf5+ $132 {
Johansen,D-Ftacnik,L/Gold Coast/2000/}) 12. exd5 Qc7 13. g3 Bb4+ 14. Kf1 h6 15.
Bxf6 gxf6 16. Qf3 Ke7 17. Kg2 Bd6 18. Rhe1 h5 19. Re4 h4 20. Rae1 Rag8 21. Rg4
Rxg4 22. Qxg4 Kf8 23. Re3 a5 24. b3 Be5 25. Qe4 Ke7 26. Be2 Qc5 $11 {[%csl Ge2,
Ge5] ^-,Markos,J-Velicka,P/CZE-chT/2003/}) 10. Bh4 Bc5 $2 {Black forgets the
e4-square is no more accessible and he will have to both weaken his position
and retreat back with his N.} (10... Qb8 11. Bg3 (11. Qe2 Bd6 12. Nd5 $5 $36 {
is also possible, White gets a better version of the above line.}) 11... Bd6
12. Qd2 $14) ({Black should have already satisfied himself with the solid, but
passive} 10... d6 $142 $14 {[%cal Yf8e7] /\Be7 , however even in this case
it's better to omit the h6-move.}) 11. e5 $1 {[%csl Ge5] [+]()} g5 12. Bg3 Ng8
(12... Nh7 13. O-O $16) 13. Qh5 (13. Ne4 $5 Bb4+ 14. Kf1 $16) 13... Qc7 (13...
Bxg2 14. Rg1 Bc6 15. O-O-O {/\Ne4->}) 14. h4 $1 gxh4 (14... Bxg2 15. Rg1 Qc6
16. hxg5 Bf3 17. Qh4 O-O-O 18. a3 $36 {[%cal Yc3e4,Yc3b5,Yd3e4] /\Ne4,Nb5,Be4}
d5 19. exd6 Bxd6 20. Nb5 $1 $18) (14... Bd4 $6 15. hxg5 Bxe5 16. g6 Bxg3 17.
gxf7+ Ke7 18. fxg8=N+ Raxg8 19. fxg3 Qxg3+ 20. Kd2 $18) 15. Rxh4 {[%cal Rh4f4]
/\Rf4+-} Ne7 (15... Bxg2 16. a3 $5 $16 (16. Rf4 O-O-O 17. Rxf7 $16)) 16. Rf4
Rf8 17. Kf1 $16 {White finally protects his Pg2, his K is even safer on the >>,
than on b1. The text-move doesn't give Black too many chances to complicate
the issue.} (17. O-O-O Bxg2 18. Ne4 Bxe4 19. Bxe4 Rb8 $14 {[%cal Rb6b5] /\b5<=>
}) 17... O-O-O 18. Ne4 {White wants to tigthen the screws instead of cashing
in, nevertheless} (18. Rxf7 $142 Qb7 19. f3 $16 {seems better.}) (18. Nb5 Qb7
$14) 18... Nf5 $6 {Macieja reckoned with this natural reaction.} (18... Ng6 19.
Rf6 Bxe4 20. Bxe4 Bd4 21. Qe2 $36 {/\} Bxe5 $2 22. Rxg6 $1 fxg6 23. Bxe5 Qxe5
24. Bb7+ $18) (18... Bxe4 $142 $5 19. Rxe4 (19. Bxe4 Bd4 $13) 19... d6 $14) 19.
Rxf5 $1 {[%mdl 512]} exf5 20. Qxf5 $44 {-> White has a strong bind for the
sacrificed exchange. His following plan is to advance the <<P, this is one of
the reasons whiy he didn't castle queenside.} Qb7 $2 {Just as one move earlier,
it's important for Black to get rid of White's strong Ne4 and the text-move
only makes it more difficult by putting the Q on a vulnerable square.} (20...
Bxe4 $142 21. Bxe4 (21. Qxe4 Qc6 22. Qe2 f5 $13) 21... Bd4 22. Bd5 $44) (20...
Bd4 21. Rd1 $36 {/\} Bxb2 22. c5 $1 $40) 21. a3 Rg8 (21... Kb8 22. b4 (22. e6+
d6 23. Nxc5 bxc5 24. e7 Qxe7 25. Qxc5 $14) 22... Be7 23. c5 $40 (23. b5 $16))
22. b4 $16 Rxg3 (22... Be7 23. Bh4 $1 $18 {/\} Bxh4 24. Nd6+) (22... Bf8 23.
Rd1 $16 (23. c5 $5 $40) (23. Qxf7 Bxb4 24. axb4 Bxe4 25. Bxe4 Qxe4 26. Qd5 Rg4
$1 $132) (23. b5 Bxe4 24. Bxe4 Qc7 25. Bd5 $16)) 23. fxg3 Bf8 24. Rc1 (24. Rd1
Bxe4 25. Bxe4 Qc7 26. c5 $40) 24... Kb8 (24... Qa6 25. Rc3 $1 {/\} Bxb4 26. c5
$1 Qa5 27. axb4 Qa1+ 28. Kf2 Bxe4 29. Qxe4 Qxc3 30. Ba6+ Kc7 31. Qb7#) 25. Rc2
a5 $6 {Only loosens the pawn cover of his own K.} (25... d6 $142 $16) 26. Rb2 (
26. Qf6 $5 Rc8 27. Nd6 Bxd6 28. Qxd6+ $18) (26. c5 $5 bxc5 27. Qf6 $40) 26...
axb4 27. axb4 Qa7 (27... Qc7 28. c5 $1 $18) (27... d5 $142 $16) 28. Qf2 $1 $18
{[%cal Rb2a2] /\Ra2->} Rc8 29. Ra2 (29. Nd6 $18) (29. Nf6 $5 $18) 29... Qb7 (
29... Qc7 30. Nd6 $1 Bxd6 31. exd6 Qb7 32. b5 $18) 30. Qd4 (30. Nd6 $5 Bxd6 31.
exd6 b5 32. c5 $18) 30... Re8 $2 (30... Bxb4 $142 $5 31. Nd6 (31. Rb2 $6 Bxe4
32. Bxe4 Bc5 $132) 31... Bc5 32. Qf4 Bxd6 33. exd6 $16 {[%cal Rb1b8] -><->b})
31. b5 Qc7 $138 (31... Bxe4 32. Bxe4 Bc5 33. Qd3 $18) (31... Qc7 32. bxc6 $18)
1-0